Good To Great : Why Some Companies Make The Leap and Others Don't / (Record no. 616797)
[ view plain ]
| 000 -LEADER | |
|---|---|
| fixed length control field | 00405nam a22001337a 4500 |
| 020 ## - INTERNATIONAL STANDARD BOOK NUMBER | |
| Qualifying information | HB. |
| 040 ## - CATALOGING SOURCE | |
| Transcribing agency | FIZZA ISHAQ |
| 082 ## - DEWEY DECIMAL CLASSIFICATION NUMBER | |
| Classification number | 658 |
| Author Mark | JIM |
| 100 ## - MAIN ENTRY--PERSONAL NAME | |
| Personal name | Collins, Jim. |
| 9 (RLIN) | 20655 |
| 245 ## - TITLE STATEMENT | |
| Title | Good To Great : Why Some Companies Make The Leap and Others Don't / |
| Statement of responsibility, etc. | Jim. Collins. |
| 260 ## - PUBLICATION, DISTRIBUTION, ETC. | |
| Place of publication, distribution, etc. | New York: |
| Name of publisher, distributor, etc. | Harper-Collins Publishers, |
| Date of publication, distribution, etc. | 2001. |
| 300 ## - PHYSICAL DESCRIPTION | |
| Extent | 300 P. ; |
| Dimensions | 6.34 x 1.18 x 9.45 inches |
| 942 ## - ADDED ENTRY ELEMENTS (KOHA) | |
| Source of classification or shelving scheme | |
| Koha item type | Book |
| Withdrawn status | Lost status | Source of classification or shelving scheme | Damaged status | Not for loan | Permanent Location | Current Location | Shelving location | Date acquired | Total Checkouts | Full call number | Barcode | Date last seen | Price effective from | Koha item type |
|---|---|---|---|---|---|---|---|---|---|---|---|---|---|---|
| NUST Baluchistan Campus (NBC) | NUST Baluchistan Campus (NBC) | General Stacks | 04/02/2026 | 658 JIM | QD-766 | 04/02/2026 | 04/02/2026 | Book |
